000 00440nam a2200181Ia 4500
001 23744
005 20260414150957.0
008 260414t1974||||xx |||||||||||||| ||spa||
041 _aESP
082 _a702
_bC28
100 _aCarmi, T.
_eAUT
245 0 _aAriel :
_brevista trimestral de artes y letras de Israel
260 _c1974
300 _a232 páginas :
_c22 cm.
650 _aABD
654 _aCAU
942 _cLIB
_dJUS
_fJUS
_2ddc
_n
999 _c23744
_d23744